Quizzes
Events
Quiz Creation
Community
Videos
Private Events
Remove Ads
Sign In
Join for FREE
Feedback
Dark Mode
Quiz Categories
Sports
Geography
Music
Movies
Television
Just For Fun
Miscellaneous
History
Literature
Language
Science
Gaming
Entertainment
Religion
Holiday
For Kids
Quiz Lab
Recent
Popular Today
Quiz Kudos Today
Editor Picks
Curator Picks
Quizzes by...
Day
Popularity
Type
Ratings
Length
Year
Community
Subscriptions
Recent Discussions
Orange Saloon
Badges
Playlists
Quests
Create
Leaderboards
Showdown
Live 5
Trivia Bingo
Activity
Puzzle Library
Sporcle Events
Private Events
Virtual Trivia
Globe League
Become a Host
Pub Owners
SporcleCon
Opinionation
Our Games
Videos
Blog
Mobile Apps
Partnerships
Remove Ads and Go Orange
Feedback
Gaming
Video Games
Board Games
Card Games
Pokémon
Mario
Nintendo
Minecraft
Console
Toys
Legend of Zelda
Gaming
Video Games
Board Games
Card Games
Pokémon
Mario
Nintendo
Minecraft
Console
Toys
Legend of Zelda
Random Quiz
Search Sporcle
×
Curator Pick
Curator Pick
Gaming
Mario
Type in answers that appear in a list
Type in answers that appear in a list
Classic
Best Score? Go Orange.
Super Mario 64 Courses Stats
Can you name the courses from Super Mario 64, including the hidden ones?
By
MorganStehr
10m
24 Questions
3,789 Plays
3,789 Plays
3,789 Plays
Comments
Comments
Give Quiz Kudos
Give Quiz Kudos
-
- Ratings
hide this ad
Replay
Link that replays current quiz
Next Quiz
Link to next quiz in quiz playlist
You Got
0%
They Got
Avg Score
65%
Avg Friend Score
Upgrade to see
Score Distribution
Jump to the score distribution portion of the page
Score
0/24
Timer
10:00
0
Plays Today
Hint
Course
% Correct
Course 1
Bob-Omb Battlefield
84.8%
Course 14
Tick Tock Clock
79.1%
Course 2
Whomp's Fortress
78.4%
Course 3
Jolly Roger Bay
75.2%
Course 15
Rainbow Ride
73.8%
Course 9
Dire, Dire Docks
73.6%
Course 12
Tall, Tall Mountain
72.8%
Course 7
Lethal Lava Land
72.5%
Course 6
Hazy Maze Cave
71.5%
Course 13
Tiny-Huge Island
70.5%
Course 8
Shifting Sand Land
70.4%
Course 11
Wet-Dry World
69.6%
Hint
Course
% Correct
Course 4
Cool, Cool Mountain
67.5%
Course 10
Snowman's Land
65.2%
Bowser
Bowser in the Sky
64.8%
Course 5
Big Boo's Haunt
64.7%
Bowser
Bowser in the Dark World
62.7%
Cap Switch
Tower of the Wing Cap
62.2%
Cap Switch
Cavern of the Metal Cap
60.6%
Hidden Course
The Princess's Secret Slide
60.2%
Cap Switch
Vanish Cap Under the Moat
58.4%
Bowser
Bowser in the Fire Sea
57.4%
Hidden Course
The Secret Aquarium
35.4%
Hidden Course
Wing Mario Over the Rainbow
30.4%
Quiz Playlist
Details
Report
Send in Message
Add To Playlist
Classic:
Type in answers that appear in a list
Last Updated: Feb 16, 2017
Curator Pick in
Mario
Quiz Scoreboard
CHALLENGE
Sign Up to Join the Scoreboard
Show All
Scores
Hide
Comments
May contain spoilers
Recently Published
9x9 Crossword: Cartoon Network
by jackfrog10
Miscellaneous
3m
College Basketball Coaching Resumes
by pancakes188
Sports
9m
Billboard Blitz: Fleetwood Mac
by CooCooCachoo
Music
15s
More to Explore
Quiz From the Vault
Featured Blog Post
Where Did the Easter Bunny Come From?
hide this ad
You Might Also Like...
Tags
Mario Quiz
course
hidden
Today's Top Quizzes in Gaming
Browse Gaming
hide this ad
Today's Top Quizzes in Mario
Browse Mario
Top Contributed Quizzes in Gaming
1
5-to-1: Consoles
2
7-to-1: Board Game Piece Blitz
3
5-to-1: Legend of Zelda
4
League of Legends Pro Players by Career/Team History
5
Destiny 2 exotic weapons by perk icons
6
Ultimate Genshin Impact Logic Puzzle (up to 4.3)
7
Franchise by Action Figure
8
Who's on the WWE 2K24 Cover?
9
Genshin Impact Logic Puzzle Quiz
10
Overwatch Logic Puzzle
Explore More
Trending Topics
Harry Potter
Kpop
Crossword
Marvel
NBA
Disney
Anime
The Office
Song
Pokémon
WWE
Country
NFL
Soccer
Puzzle
hide this ad
More By:
MorganStehr
Quiz
Plays
Rating
Category
Featured
Created
Coldplay Songs
70,158
4.32
Music
Oct 7, 2009
South Park Episodes (Seasons 1-15)
5,787
4.43
Television
Sep 26, 2009
Super Mario 64 Courses
3,789
4.45
Gaming
Oct 12, 2009
John Mayer Songs
3,779
4.00
Music
Oct 11, 2009
South Park: Bigger, Longer & Uncut Songs
3,315
4.28
Entertainment
Oct 12, 2009
Go to Creator's Profile
Score Distribution
Quiz Creator Spotlight
MorganStehr
Follow
Send a Message
Quizzes Created
-
Created Quiz Play Count
-
More By This Creator
Popular Quizzes Today
1
Find the US States - No Outlines Minefield
2
Find the Countries of Europe - No Outlines Minefield
3
The Countries of the World
4
Find the US States
5
Risky Map Clicking: Biggest States A-Z
6
US States
7
Popular People in 1961
8
Movies - When Are They Set?
More Gaming Quizzes
Mastermind IV
Published
Trending Quizzes
Risky Map Clicking: Least Populous States A-Z
1-10 Letter G Words
1-10 Letter F Words
Risky Map Clicking: Next State Alphabetically
Adjectives in 80s TV Shows
Recently Updated
Leaping Animals
pecheneg
Reality TV Shows (A-Z)
bhenderson79
Rickey Henderson's Hall of Fame Teammates
pecheneg
Champions League XIs: Arsenal
pecheneg
Quick Pick: Celebrities in WWE's Hall of Fame
aduchscher
A-Z Keypad Blitz II
pecheneg
Multiple Oscar Actors
pecheneg
Mystery Phrase Blitz: Oscar 'Best Actors'
pecheneg
F. Scott Fitzgerald Novels
LTH
Pick 3 Villains
ddd62291
Trending Topics
Kpop
Disney
Crossword
Harry Potter
Marvel
Anime
NBA
Song
WWE
Country
Soccer
NFL
The Office
Puzzle
Pokémon
Your Account Isn't Verified!
In order to create a playlist on Sporcle, you need to verify the email address you used during registration. Go to your
Sporcle Settings
to finish the process.
Report this User
Report this user for behavior that violates our
Community Guidelines
.
Details:
Send Report
Go to the Sporcle.com Mobile Site →
Comments